Spider-Man Villains Multiple Choice - Sudden Death - Statistics

General Stats
  • This quiz has been taken 865 times
  • The average score is 13 of 16
Answers on the Grid
Answers color-coded by a green-red scale on the quiz's grid according to % correct below.
Green
Goblin
Yellow
Yeti
Orange
Orc
Hippo
The
Dillo
Rhino
Dr
Dugong
Dr
Octopus
Dr
Cuttlefish
Venom
Iocane
Contagion
Hyena
Coyote
Vulture
Sandman
Soilman
Dirtman
Lizard
Amphibian
Dinosaur
Mausoleum
Graveyard
Tombstone
Currento
Volto
Electro
Mysterio
Enigmo
Nebulo
Tickler
Shocker
Pickler
Don Puzo
Kingpin
Mafia-Man
Carnage
Ferocity
Hecatomb
Aegrius
Mortuus
Morbius
The Blemish
The Spot
The Inkblot
Centipede
Scorpion
Tarantula
Hawk
 
Answer Stats
Answer % Correct
Green
Goblin
99%
Venom
93%
Dr
Octopus
92%
Sandman
90%
Rhino
88%
Lizard
87%
Vulture
85%
Electro
84%
Mysterio
84%
Carnage
77%
Kingpin
77%
Morbius
75%
Scorpion
74%
Shocker
70%
Tombstone
67%
The Spot
66%
No matching quizzes found
Score Distribution
Percent of People with Each Score
Percentile by Number Answered
Your Score History
You have not taken this quiz